000
00292nam a22001337a 4500
008
170908b xxu||||| |||| 00| 0 eng d
020
_a
9780631193852
041
_a
eng
080
_a
91
100
_a
42
101
_a
GJEO
245
_a
GEOGRAPHY AND EMPIRE
_c
GODLEWSKA, A
942
_2
udc
_c
BK
999
_c
26757
_d
26757